Manual de publicaciones de la American Psychological Association
Gardado en:
| Autor Principal: | |
|---|---|
| Formato: | Libro |
| Idioma: | Lingua castelá |
| Publicado: |
Cuernavaca
El Manual Moderno
2010
|
| Edición: | 3a. ed |
| Subjects: | |
| Tags: |
Engadir etiqueta
Sen Etiquetas, Sexa o primeiro en etiquetar este rexistro!
|
MARC
| LEADER | 00000cam a2200000 a 4500 | ||
|---|---|---|---|
| 001 | UCF2705 | ||
| 003 | CL-VaPUC | ||
| 008 | 120830e20100000MX |||||||||||||||||spa|d | ||
| 020 | |a 9781433805615 | ||
| 082 | 0 | 4 | |a 150 |b VIV |2 21 |
| 100 | 0 | |a Vivero Fuentes, Santiago |e author |9 564460 | |
| 245 | 1 | 0 | |a Manual de publicaciones de la American Psychological Association |
| 250 | |a 3a. ed | ||
| 300 | |a 260 p | ||
| 942 | |c BK | ||
| 945 | |d 20120830 00:00:00 |a dcastane | ||
| 260 | |a Cuernavaca |b El Manual Moderno |c 2010 | ||
| 650 | 0 | |a Psicología |9 257863 | |
| 650 | 0 | |a Manuales |9 257144 | |
| 583 | |a last modification |c 20120830 10:25:00 |k Rodrigo Vera | ||
| 999 | |c 349245 |d 349243 | ||
| 952 | |0 0 |1 0 |4 0 |6 150_000000000000000_VIV_2010 |7 0 |8 A |9 451773 |a BIBEDU |b BIBEDU |d 2019-11-22 |i 4899261 |o 150 VIV 2010 |p 4899261 |r 2019-11-22 |w 2019-11-22 |y BK |k PSI | ||
| 952 | |0 0 |1 0 |4 0 |6 150_000000000000000_VIV_2010 |7 0 |8 A |9 451774 |a BIBEDU |b BIBEDU |d 2019-11-22 |i 489927K |o 150 VIV 2010 |p 489927K |r 2019-11-22 |w 2019-11-22 |y BK |k PSI | ||
| 952 | |0 0 |1 0 |2 ddc |4 0 |6 150_000000000000000_VIV_2010 |7 0 |8 A |9 451775 |a BIBEDU |b BIBEDU |d 2019-11-22 |i 4899288 |o 150 VIV 2010 |p 4899288 |r 2019-11-22 |w 2019-11-22 |y BK |k PSI | ||
| 952 | |0 0 |1 0 |2 ddc |4 0 |6 150_000000000000000_VIV_2010 |7 0 |8 A |9 451776 |a BIBEDU |b BIBEDU |d 2019-11-22 |i 4899296 |o 150 VIV 2010 |p 4899296 |r 2019-11-22 |w 2019-11-22 |y BK |k PSI | ||